000 00826nam a2200265Ia 4500
003 OSt
005 20221002044439.0
006 a|||||r|||| 00| 0
007 ta
008 220930b |||||||| |||| 00| 0 eng d
020 _a8184082770 (hbk)
_c1595
024 _a95564
037 _b573, 13/03/2009, Bhartiya Sahitya Bhawan
_cReference Collections
040 _aCRL
_cCRL
_beng
041 _2eng
_aeng
082 _a2g, P9(RR)
100 _aEberhart George M. Ed.
_926214
245 0 _aWhole library handbook
260 _aNew Delhi
_bIndiana India
_c2009
300 _avi,585p.
_ccm.
500 _aAmerican Library Association
650 _aLIBRARY SCIENCE
942 _h2g, P9(RR)
_cref
_2CC
999 _c910377
_d910377